000 01069nam a2200241Ii 4500
003 JO-AjNU
008 230605s9999||||xx |||||||||||||| ||und||
017 _a2019/3/1621
020 _a978-9957-23-484-3
040 _aJO-AjNU
_bara
_erda
_cJO-AjNU
041 _aara
050 1 4 _aBP69.2019
100 3 _aاعداد هيئة علماء المسلمين في العراق,
_eauthor
_964114
245 0 0 _aهيئة علماء المسلمين في العراق والشيخ حارث الضاري في ذاكرة الأمة: اعمال المؤتمر العلمي الأول
250 _aط1
264 3 1 _aبغداد: مؤسسة البصائر للدراسات والنشر، 2019
300 _a592ص
_bيحتوي على آيات قرآنية
336 _atext
_btxt
_2rdacontent
337 _aunmediated
_bn
_2rdamedia
338 _avolume
_bnc
_2rdacarrier
490 0 _aسلسلة اصدارات هيئة علماء المسلمين في العراق 29
650 4 _a العراق -هيئة علماء المسلمين -الشيخ حارث الضاري
_964115
999 _aA29118
_c32686
_d32686